Statistics for Biggest Trading Partners - Cyprus

Click here to take the quiz!

General Stats

  • This quiz has been taken 330 times
  • The average score is 20 of 25

Answer Stats

exportsimportscountry% Correct
239 mil1404 milGreece
99%
147 mil427 milUnited Kingdom
97%
437 milItaly
96%
227 milSpain
96%
50.2 milEgypt
94%
311 milFrance
94%
53.5 mil136 milUnited States
94%
42.3 mil268 milChina
93%
42.2 mil1076 milGermany
92%
84.3 milRussia
91%
115 mil258 milIsrael
90%
67.8 milJapan
84%
40.0 milSaudi Arabia
84%
40.0 milLebanon
81%
243 milNetherlands
79%
64.5 milIndia
78%
44.0 mil69.3 milUnited Arab
Emirates
76%
232 milBelgium
73%
34.1 milAlgeria
72%
41.1 milSwitzerland
72%
69.5 milRomania
69%
28.0 milSweden
67%
145 milLibya
66%
43.3 milCzechia
48%
43.6 milSlovakia
34%

Score Distribution

Percentile by Number Answered

Percent of People with Each Score

Your Score History

You have not taken this quiz